| 000 | 01567nab a22002537a 4500 | ||
|---|---|---|---|
| 999 |
_c6051 _d6051 |
||
| 003 | OSt | ||
| 005 | 20260120232201.0 | ||
| 008 | 190514b xxu||||| |||| 00| 0 spa d | ||
| 040 | _cPJ | ||
| 100 |
_96838 _aCarbonari, Aldana V. |
||
| 245 | 1 | 0 |
_aSobre la reparación de los daños en el ámbito del derecho de las familias y, en especial, los generados en contexto de violencia familiar, doméstica o de género / _cAldana V. Carbonari. |
| 300 | _ap. 36-44 | ||
| 500 | _aCita: TR LALEY AR/DOC/252/2024. | ||
| 505 | _aSumario: I. Base fáctica y jurídica del fallo.— II. La responsabilidad civil en el ámbito de las relaciones de familia.— III. La reparación de los daños generados en contexto de violencia familiar, doméstica o de género.— IV. Respecto de la valoración de la prueba en los procesos civiles caracterizados por violencia de género. Especial referencia a las declaraciones testimoniales en este tipo de procesos.— V. Reflexiones finales. | ||
| 505 | _tFallo comentado: CCiv. y Com., Necochea ~ 11/07/2023 ~ I., M. A. c. F., G. F. s/ daños y perjuicios extracontractual (excl. autom./Estado). | ||
| 650 | 0 |
_9967 _aDERECHO DE FAMILIA |
|
| 650 | 0 |
_92823 _aDAÑOS Y PERJUICIOS |
|
| 650 | 0 |
_94077 _aREPARACION INTEGRAL |
|
| 650 | 0 |
_91134 _aVIOLENCIA FAMILIAR |
|
| 650 | 0 |
_93053 _aVIOLENCIA DE GÉNERO |
|
| 650 | 0 |
_91057 _aJURISPRUDENCIA APLICABLE |
|
| 773 | 0 |
_02844 _93222 _dBuenos Aires : AbeledoPerrot, 1989- _tDerecho de familia. Revista Interdisciplinaria de doctrina y jurisprudencia. Abril 2024-II. _z18511201 |
|
| 942 |
_2udc _cANA |
||